[Event "Moscow ol"]
[Site "?"]
[Date "1994.??.??"]
[Round "?"]
[White "San Segundo Carrillo, Pablo"]
[Black "Cvitan, Ognjen"]
[WhiteElo "2485"]
[BlackElo "2585"]
[Result "1-0"]

1. d4 Nf6 2. c4 g6 3. Nc3 Bg7 4. e4 d6 5. h3 O-O 6. Nf3 e5 7. d5 Na6 8. Bg5 Qe8 9. g4 Nd7 10. Rg1 Kh8 11. Qd2 Ndc5 12. O-O-O Bd7 13. h4 f5 14. gxf5 gxf5 15. Bh6 Bxh6 16. Qxh6 Qe7 17. Ng5 fxe4 18. Ncxe4 Nxe4 19. Nxe4 Rf4 20. Bd3 Nb4 21. Bb1 Nxa2+ 22. Kd2 Bf5 23. Ke3 Rxh4 24. Qg5 Rh3+ 25. f3 Qf8 26. Nxd6 e4 27. Nxf5 Rxf3+ 28. Kxe4 Rf2 29. Qg7+ Qxg7 30. Nxg7 Nb4 31. Ne6 c6 32. Ke3 

1-0

[Event "Buenos Aires Najdorf"]
[Site "?"]
[Date "1995.??.??"]
[Round "?"]
[White "San Segundo Carrillo, Pablo"]
[Black "Zarnicki, Pablo"]
[WhiteElo "2520"]
[BlackElo "2570"]
[Result "1-0"]

1. d4 Nf6 2. c4 e6 3. Nf3 b6 4. a3 c5 5. d5 Ba6 6. Qc2 exd5 7. cxd5 g6 8. Nc3 Bg7 9. g3 O-O 10. Bg2 d6 11. O-O Re8 12. Re1 Nbd7 13. h3 b5 14. e4 Rc8 15. Be3 b4 16. axb4 cxb4 17. Rxa6 bxc3 18. bxc3 Nxe4 19. c4 Bc3 20. Rd1 Rxc4 21. Rc6 Rxc6 22. dxc6 Ndf6 23. Ng5 Nxg5 24. Bxg5 Qa5 25. Rc1 Qxg5 26. Qxc3 Nd5 27. Bxd5 Qxd5 28. c7 Rc8 29. Rb1 Qa8 30. Re1 a5 31. Re7 Rf8 32. Rd7 Re8 33. Kh2 Qc8 34. Qc6 Kg7 35. Qxd6 Re2 36. Qd4+ 

1-0

[Event "8th Pamplona 9798"]
[Site "?"]
[Date "1998.01.05"]
[Round "?"]
[White "San Segundo Carrillo, Pablo"]
[Black "Bacrot, Etienne"]
[WhiteElo "2495"]
[BlackElo "2545"]
[Result "1-0"]

1. Nf3 Nf6 2. c4 e6 3. Nc3 Bb4 4. Qc2 c5 5. a3 Ba5 6. g3 O-O 7. Bg2 Nc6 8. O-O Qe7 9. e3 d5 10. Na4 dxc4 11. Qxc4 Nd7 12. d4 Nb6 13. Nxb6 Bxb6 14. dxc5 Qxc5 15. Qxc5 Bxc5 16. b4 Be7 17. Rd1 Rd8 18. Bb2 f6 19. Nd4 Nxd4 20. Bxd4 e5 21. Bc5 Kf7 22. Rxd8 Bxd8 23. a4 f5 24. Bd5+ Ke8 25. a5 a6 26. f4 

1-0

[Event "New York op"]
[Site "?"]
[Date "1990.??.??"]
[Round "?"]
[White "San Segundo Carrillo, Pablo"]
[Black "Lputian, Smbat G"]
[WhiteElo "2405"]
[BlackElo "2545"]
[Result "1-0"]

1. c4 Nf6 2. Nc3 g6 3. e4 e5 4. d3 Bg7 5. g3 O-O 6. Bg2 d6 7. Nge2 Nc6 8. O-O a6 9. Rb1 Rb8 10. Nd5 Nd7 11. f4 Ne7 12. Be3 c6 13. Nxe7+ Qxe7 14. f5 b5 15. g4 h6 16. Qd2 Nf6 17. Bf3 gxf5 18. gxf5 Kh7 19. Kh1 bxc4 20. dxc4 d5 21. Nc3 dxe4 22. Bg2 Rd8 23. Qe2 c5 24. Nxe4 Nxe4 25. Bxe4 Bb7 26. Qg2 Bxe4 27. Qxe4 Bf6 28. b3 a5 29. Rf3 Qb7 30. Qxb7 Rxb7 31. Bxc5 Rc8 32. Be3 Rxc4 33. Rg1 Rh4 34. Bf2 Rh5 35. Re1 Rb4 36. Bg3 Rd4 37. Re2 Rg5 38. Rf1 e4 39. Bh4 e3 40. Bxg5 Bxg5 41. Kg2 Kg7 42. Rc1 Rd5 43. Kg3 h5 44. Rec2 h4+ 45. Kg4 Kh6 46. Rf1 f6 47. Rb2 a4 48. b4 a3 49. Rb3 Rd2 50. b5 e2 51. Re1 Rb2 52. b6 Bd2 53. b7 

1-0

[Event "Oviedo Rapid"]
[Site "?"]
[Date "1991.??.??"]
[Round "?"]
[White "San Segundo Carrillo, Pablo"]
[Black "Ubilava, Elizbar"]
[WhiteElo "2430"]
[BlackElo "2535"]
[Result "1-0"]

1. c4 Nf6 2. Nc3 g6 3. e4 d6 4. d4 Bg7 5. h3 O-O 6. Nf3 e5 7. d5 Na6 8. Bg5 h6 9. Be3 Nc5 10. Nd2 a5 11. g4 Ne8 12. Qe2 f5 13. gxf5 gxf5 14. Bxc5 dxc5 15. h4 Nd6 16. O-O-O fxe4 17. Bh3 Rf4 18. Ndxe4 b6 19. Rdg1 Qe7 20. Bxc8 Rxc8 21. Rg6 Rcf8 22. Rhg1 R8f7 23. Rxh6 Rxh4 24. Nf6+ Kf8 25. Nh7+ Kg8 26. Nf6+ Kf8 27. Rxh4 Qxf6 28. Rhg4 Bh6+ 29. Kb1 Qxf2 30. Rg8+ Ke7 31. Qxe5+ Kd7 32. Qe6# 

1-0

[Event "ESP-chT"]
[Site "?"]
[Date "1993.??.??"]
[Round "?"]
[White "San Segundo Carrillo, Pablo"]
[Black "Rivas Pastor, Manuel"]
[WhiteElo "2440"]
[BlackElo "2530"]
[Result "1-0"]

1. Nf3 e6 2. c4 f5 3. Nc3 Nf6 4. d4 d5 5. Bf4 c6 6. e3 Be7 7. Bd3 O-O 8. O-O Ne4 9. h3 Nd7 10. Rc1 Kh8 11. Bh2 Qe8 12. Qc2 Ndf6 13. Ne5 Nd6 14. f3 b5 15. cxb5 cxb5 16. b3 Bb7 17. Ne2 g5 18. Qc7 Rc8 19. Qa5 Qd8 20. Qd2 Qb6 21. Rxc8 Rxc8 22. Rc1 Kg7 23. g4 h6 24. Bg3 b4 25. Bf2 a5 26. Ng3 fxg4 27. hxg4 Bd8 28. Bb1 Rxc1+ 29. Qxc1 Qc7 30. Qd2 Ba6 31. Nd3 Nb7 32. Ne2 Be7 33. Bg3 Bd6 34. Bxd6 Qxd6 35. Qc2 Bxd3 36. Qxd3 Ng8 

1-0

[Event "4th Elgoibar"]
[Site "?"]
[Date "1994.??.??"]
[Round "?"]
[White "San Segundo Carrillo, Pablo"]
[Black "Flear, Glenn C"]
[WhiteElo "2470"]
[BlackElo "2525"]
[Result "1-0"]

1. d4 d5 2. c4 e6 3. Nc3 c6 4. e3 Nd7 5. Bd3 dxc4 6. Bxc4 b5 7. Bd3 Bb7 8. Nf3 a6 9. e4 c5 10. d5 c4 11. Bc2 e5 12. O-O Bd6 13. Ne2 Ne7 14. b3 cxb3 15. axb3 O-O 16. Bd2 Qb6 17. b4 Rac8 18. Bb3 h6 19. Ng3 f5 20. exf5 Nxf5 21. Nxf5 Rxf5 22. Nh4 Rf6 23. Qg4 Rcf8 24. Be3 Qd8 25. Ng6 R8f7 26. Rac1 Nf8 27. Nxf8 Rxf8 28. Qe2 Kh8 29. Bc2 Bxd5 30. Rcd1 Bc4 31. Qg4 Qa8 32. Rfe1 Qc6 33. Rxd6 Rxd6 34. Bc5 Rf4 35. Qh5 Re6 36. Bf5 Qe8 37. Qh3 Rf6 38. Bd7 Qb8 39. Rd1 Be6 40. Bxe6 Qe8 41. Bb3 e4 42. Be3 R4f5 43. Bd4 Rh5 44. Qe3 Rc6 45. Qf4 Rg5 46. Bb2 Qe7 47. h4 

1-0

[Event "Buenos Aires Najdorf"]
[Site "?"]
[Date "1995.??.??"]
[Round "?"]
[White "San Segundo Carrillo, Pablo"]
[Black "Panno, Oscar"]
[WhiteElo "2520"]
[BlackElo "2510"]
[Result "1-0"]

1. d4 Nf6 2. c4 e6 3. Nf3 b6 4. a3 c5 5. d5 Ba6 6. Qc2 exd5 7. cxd5 g6 8. Nc3 Bg7 9. g3 O-O 10. Bg2 d6 11. O-O Nbd7 12. Re1 Re8 13. h3 b5 14. e4 Qb6 15. Be3 Rac8 16. Bf1 Qb7 17. Bf4 Bf8 18. e5 dxe5 19. Nxe5 Nxe5 20. Bxe5 Nd7 21. Bf4 Rxe1 22. Rxe1 b4 23. Bxa6 Qxa6 24. Ne4 bxa3 25. bxa3 c4 26. Bd2 Qxa3 27. Bc3 Bg7 28. Bxg7 Kxg7 29. Nc3 Nc5 30. Nb5 Qa5 31. Rb1 Nd3 32. Nd6 Rd8 33. Nb7 Qxd5 34. Nxd8 Qxd8 35. Qxc4 Ne5 36. Qc3 Qf6 37. f4 Nc6 38. Rc1 Nd4 39. Kf2 h5 40. Rd1 Ne6 41. Qxf6+ Kxf6 42. Kf3 a5 43. Rd6 Ke7 44. Rd5 f5 45. Rxa5 Kf6 46. Ra6 Kf7 47. Ke3 Ke7 48. Ra7+ Kf6 49. Rb7 Nc5 50. Rc7 Ne6 51. Ra7 

1-0

[Event "Ibercaja op"]
[Site "?"]
[Date "1994.??.??"]
[Round "?"]
[White "San Segundo Carrillo, Pablo"]
[Black "Magem Badals, Jordi"]
[WhiteElo "2470"]
[BlackElo "2505"]
[Result "1-0"]

1. d4 d5 2. c4 dxc4 3. Nf3 Nf6 4. e3 e6 5. Bxc4 c5 6. O-O a6 7. Bd3 Nbd7 8. Qe2 b6 9. b3 cxd4 10. Nxd4 Bb7 11. Bb2 Bd6 12. Nd2 Qb8 13. h3 O-O 14. Nc4 Bh2+ 15. Kh1 Bc7 16. Rac1 Nc5 17. Bb1 Nce4 18. Nd2 Nxd2 19. Qxd2 Qd8 20. Qc2 Rc8 21. Nc6 Qd6 22. Ne7+ Kh8 23. f4 Ne4 24. Nxc8 Rxc8 25. Be5 

1-0

[Event "Buenos Aires Najdorf"]
[Site "?"]
[Date "1995.??.??"]
[Round "?"]
[White "San Segundo Carrillo, Pablo"]
[Black "Sorin, Ariel"]
[WhiteElo "2520"]
[BlackElo "2500"]
[Result "1-0"]

1. d4 Nf6 2. Nf3 g6 3. c4 Bg7 4. Nc3 O-O 5. e4 d6 6. h3 c6 7. Bg5 a6 8. Bd3 b5 9. O-O Nbd7 10. e5 dxe5 11. dxe5 Nc5 12. Bc2 Nfd7 13. Qe2 f6 14. Be3 b4 15. Na4 Nxa4 16. Bxa4 Qc7 17. exf6 exf6 18. c5 a5 19. Rfd1 Ba6 20. Qd2 Ra7 21. Qc2 Ne5 22. Nxe5 fxe5 23. Qe4 Bb7 24. Rd6 Kh8 25. Rad1 Qf7 26. Rd7 Qxa2 27. Rxg7 Kxg7 28. Qxe5+ Kg8 29. Bd4 Bc8 30. Re1 Be6 31. Qh8+ Kf7 32. Qg7+ Ke8 33. Bxc6+ 

1-0

[Event "6th Pamplona 9596"]
[Site "?"]
[Date "1996.??.??"]
[Round "?"]
[White "San Segundo Carrillo, Pablo"]
[Black "Izeta Txabarri, Felix"]
[WhiteElo "2520"]
[BlackElo "2495"]
[Result "1-0"]

1. d4 Nf6 2. c4 e6 3. Nf3 Bb4+ 4. Bd2 c5 5. Bxb4 cxb4 6. g3 b6 7. Bg2 Bb7 8. O-O O-O 9. Nbd2 d6 10. Qb3 a5 11. a3 Na6 12. Rfd1 Qe8 13. Nf1 b5 14. Ne3 Be4 15. a4 bxc4 16. Nxc4 Qd8 17. Rdc1 Rc8 18. Qe3 Rc6 19. Ncd2 Bd5 20. Rxc6 Bxc6 21. Qd3 Nb8 22. Ne1 Bxg2 23. Nxg2 e5 24. Nb3 Nc6 25. d5 e4 26. Qb5 Ne7 27. Qxa5 Qd7 28. Qxb4 Nexd5 29. Qd4 Rb8 30. Qd1 Qh3 31. Nd2 e3 32. Nxe3 Nxe3 33. fxe3 h5 34. Qf1 Qe6 35. Qf3 Rxb2 36. a5 Rxd2 37. a6 Ra2 38. Rxa2 Qxa2 39. Qb7 Qxe2 40. a7 

1-0

[Event "Madrid"]
[Site "?"]
[Date "1992.??.??"]
[Round "?"]
[White "San Segundo Carrillo, Pablo"]
[Black "Romero Holmes, Alfonso"]
[WhiteElo "2415"]
[BlackElo "2490"]
[Result "1-0"]

1. d4 e6 2. c4 Bb4+ 3. Bd2 a5 4. Nf3 d6 5. Nc3 Nf6 6. Qc2 h6 7. e4 c5 8. a3 Bxc3 9. Bxc3 cxd4 10. Nxd4 O-O 11. Be2 d5 12. exd5 exd5 13. Rd1 Bg4 14. O-O Qc8 15. Bxg4 Qxg4 16. Nf5 Qxc4 17. Rd4 Qc5 18. Nxg7 Ne4 19. Nf5 Re8 20. Nxh6+ Kh7 21. Ng4 

1-0

[Event "New York op"]
[Site "?"]
[Date "1990.??.??"]
[Round "?"]
[White "San Segundo Carrillo, Pablo"]
[Black "Henley, Ron W"]
[WhiteElo "2405"]
[BlackElo "2490"]
[Result "1-0"]

1. c4 Nf6 2. Nc3 c5 3. g3 d5 4. cxd5 Nxd5 5. Bg2 Nc7 6. d3 e5 7. Qb3 Nc6 8. Bxc6+ bxc6 9. Nf3 f6 10. O-O Be7 11. Be3 Ne6 12. Rfc1 Nd4 13. Bxd4 cxd4 14. Ne4 Qd5 15. Qc4 Bd7 16. Nc5 Qxc4 17. Rxc4 Bxc5 18. Rxc5 Ke7 19. Rac1 Rhb8 20. R1c2 Rb5 21. Nd2 Rxc5 22. Rxc5 Rb8 23. b3 Rb5 24. Rc4 Ra5 25. a4 Kd6 26. Ne4+ Kd5 27. Rb4 Bf5 28. f3 Bg6 29. Rb7 f5 30. b4 

1-0

[Event "EuTChampionship"]
[Site "?"]
[Date "2003.10.19"]
[Round "?"]
[White "San Segundo Carrillo, Pablo"]
[Black "Radulski, Julian"]
[WhiteElo "2524"]
[BlackElo "2475"]
[Result "1-0"]

1. d4 d5 2. c4 e6 3. Nf3 Nf6 4. Nc3 Nbd7 5. cxd5 exd5 6. Bf4 c6 7. Qc2 Qa5 8. e3 Bb4 9. Bd3 c5 10. O-O c4 11. Bf5 O-O 12. Ne2 Re8 13. a3 Bf8 14. Nc3 g6 15. Bh3 Nb6 16. Bxc8 Raxc8 17. Nd2 Nbd7 18. h3 b5 19. Rad1 Qb6 20. e4 Qc6 21. Rfe1 Nb6 22. Be5 Nfd7 23. Bg3 a5 24. Kh2 Nf6 25. Nf3 Nxe4 26. Ne5 Qb7 27. Nxe4 dxe4 28. Rxe4 Nd5 29. Ng4 f5 30. Rxe8 Rxe8 31. Ne5 Rc8 32. Re1 c3 33. Nd3 Qc6 34. Ne5 Qb7 35. Nd3 a4 36. Qe2 Qc6 37. Ne5 Qb7 38. Nd3 Qb6 39. Qf3 Qxd4 40. Be5 Qc4 41. bxc3 Bxa3 42. Bd4 Bd6+ 43. g3 a3 44. Re6 Rd8 45. Qe2 Qc8 46. Rxd6 Rxd6 47. Qe5 Qf8 48. Qh8+ Kf7 49. Qxh7+ Ke8 50. Qa7 Rd7 51. Qb8+ Kf7 52. Ne5+ Kg8 53. Qxf8+ Kxf8 54. Nxd7+ Ke7 55. Nc5 Nb6 56. Nb3 Na4 57. Nc1 Ke6 58. g4 fxg4 59. hxg4 Kd5 60. Bg7 Kc4 61. Bf8 Kxc3 62. Bxa3 b4 63. Na2+ Kb3 64. Nxb4 Kxa3 65. Nd3 g5 66. f4 gxf4 67. g5 Nb6 68. g6 Nd5 69. Nxf4 Ne7 70. g7 Kb3 71. Kh3 Kc4 72. Kg4 Kd4 73. Kg5 Ke4 74. Kf6 Ng8+ 75. Kg5 Ke5 76. Nh5 Ke6 77. Kg6 Ne7+ 78. Kh7 Kf5 79. Ng3+ Kf4 80. Ne2+ Ke4 81. Nc3+ Ke5 82. Nb5 Kd5 83. Na7 Ke4 84. Nc8 Nd5 85. Kg6 Nf4+ 86. Kf7 

1-0

[Event "ESP-ch Gp B Playoff"]
[Site "?"]
[Date "2001.11.21"]
[Round "?"]
[White "San Segundo Carrillo, Pablo"]
[Black "Lopez Martinez, Josep Manuel"]
[WhiteElo "2528"]
[BlackElo "2474"]
[Result "1-0"]

1. d4 Nf6 2. Nf3 e6 3. e3 c5 4. Bd3 b6 5. O-O Bb7 6. c4 Be7 7. Nc3 cxd4 8. exd4 d5 9. b3 O-O 10. Bb2 Nc6 11. Rc1 Rc8 12. Re1 Re8 13. cxd5 Nxd5 14. Nxd5 exd5 15. Ne5 Nxe5 16. dxe5 Rxc1 17. Qxc1 Bc5 18. Qf4 Qe7 19. h4 Bc8 20. Bc3 Be6 21. h5 Rc8 22. Bd2 h6 23. b4 Qc7 24. bxc5 bxc5 25. Rb1 c4 26. Bc2 c3 27. Be3 Qa5 28. a4 Qc7 29. Qd4 

1-0

[Event "FRA-ChT2O 0203"]
[Site "?"]
[Date "2003.01.19"]
[Round "?"]
[White "San Segundo Carrillo, Pablo"]
[Black "Handke, Florian"]
[WhiteElo "2523"]
[BlackElo "2471"]
[Result "1-0"]

1. d4 Nf6 2. c4 e6 3. Nf3 b6 4. g3 Bb7 5. Bg2 Be7 6. O-O O-O 7. Re1 Na6 8. Ne5 Bxg2 9. Kxg2 Qc8 10. e4 c6 11. Nc3 d5 12. Qa4 b5 13. Nxc6 Qxc6 14. cxb5 Qd7 15. bxa6 Qxa4 16. Nxa4 dxe4 17. Bg5 Rfd8 18. Rad1 Rac8 19. Rc1 h6 20. Rxc8 Rxc8 21. Rc1 Rxc1 22. Bxc1 Nd5 23. Bf4 Nb4 24. Nc5 g5 25. Bd2 Nxa2 26. Ba5 Bf6 27. Nb3 Be7 28. f3 exf3+ 29. Kxf3 Nb4 30. Bxb4 Bxb4 31. Ke4 Bd6 32. Na5 f5+ 33. Kd3 Bc7 34. Nc4 Kf7 35. b4 f4 36. gxf4 Bxf4 37. b5 Bxh2 38. b6 Bb8 39. Ne5+ 

1-0

[Event "Spanish Championship Division 1"]
[Site "?"]
[Date "1999.11.08"]
[Round "?"]
[White "San Segundo Carrillo, Pablo"]
[Black "De La Riva Aguado, Oscar"]
[WhiteElo "2510"]
[BlackElo "2458"]
[Result "1-0"]

1. d4 f5 2. g3 Nf6 3. Bg2 g6 4. c3 Bg7 5. Qb3 Na6 6. Nh3 c5 7. Nd2 e6 8. Nc4 d5 9. Qb5+ Qd7 10. Nd6+ Ke7 11. dxc5 Qxb5 12. Nxb5 Bd7 13. Na3 Nxc5 14. Nf4 Nfe4 15. O-O Rhc8 16. f3 Nd6 17. Nd3 Na4 18. Bg5+ Ke8 19. Rab1 a5 20. Rfe1 Ra6 21. e4 d4 22. e5 Nb5 23. cxd4 Nxd4 24. Be3 Nb5 25. f4 Nxa3 26. bxa3 Bc6 27. Rxb7 Bxb7 28. Bxb7 Rac6 29. Bxc8 Rxc8 30. Rc1 Rxc1+ 31. Bxc1 Nb6 32. Nc5 Kf7 33. Nb7 Nd5 34. Kf1 Bf8 35. Ke2 a4 36. Kd3 Nb6 37. Be3 Nd7 38. Kc4 g5 39. Nd8+ Ke7 40. Nc6+ Kf7 41. fxg5 Bxa3 42. Kb5 Bb2 43. Kxa4 Nxe5 44. Nxe5+ Bxe5 45. Kb5 

1-0

[Event "1nd EU-chT"]
[Site "?"]
[Date "1997.05.??"]
[Round "?"]
[White "San Segundo Carrillo, Pablo"]
[Black "Zelcic, Robert"]
[WhiteElo "2505"]
[BlackElo "2455"]
[Result "1-0"]

1. c4 Nf6 2. Nf3 e6 3. Nc3 Bb4 4. Qc2 O-O 5. a3 Bxc3 6. Qxc3 d6 7. b4 e5 8. e3 e4 9. Nd4 c5 10. Nb3 b6 11. Bb2 Nc6 12. Be2 Re8 13. f4 h5 14. h3 h4 15. g4 hxg3 16. Rg1 Ne7 17. Rxg3 Nf5 18. Rg5 Kf8 19. Bg4 Nh4 20. Kf2 Bxg4 21. hxg4 Nf3 22. Ke2 Nxg5 23. fxg5 Qc8 24. Rg1 Ng8 25. Qxg7+ Ke7 26. Bf6+ Nxf6 27. gxf6+ Kd8 28. Qxf7 Qe6 29. Qxe6 Rxe6 30. Rh1 Rc8 31. g5 Kc7 32. Rh7+ Kb8 33. Rg7 Ree8 34. Kf2 Rf8 35. Kg3 Rc7 36. Rxc7 Kxc7 37. b5 Kd7 38. Nc1 Ke6 39. Kg4 Re8 40. Ne2 Kf7 41. Nf4 Re5 42. Nd5 Re8 43. Ne7 Ke6 44. Kh5 Rh8+ 45. Kg6 Rh2 46. Nd5 

1-0

[Event "ESP-chT"]
[Site "?"]
[Date "1997.??.??"]
[Round "?"]
[White "San Segundo Carrillo, Pablo"]
[Black "Mitkov, Nikola"]
[WhiteElo "2495"]
[BlackElo "2455"]
[Result "1-0"]

1. c4 e6 2. Nc3 Nf6 3. e4 d5 4. e5 Nfd7 5. d4 c5 6. cxd5 exd5 7. Nf3 Nc6 8. Bb5 a6 9. Bg5 Qa5 10. Bxc6 bxc6 11. O-O c4 12. e6 fxe6 13. Re1 Nb8 14. Ne5 g6 15. Qf3 Qc7 16. Ng4 Be7 17. Nf6+ Kd8 18. Nfxd5 cxd5 19. Nxd5 Bb7 20. Nxc7 Bxf3 21. Nxe6+ Kd7 22. Bxe7 Bd5 23. Nf4 Bf7 24. Bf6 Re8 25. Rxe8 Kxe8 26. Re1+ Kf8 27. d5 Nd7 28. Bc3 Nb6 29. Rd1 Ke8 30. h4 Kd7 31. g3 Rb8 32. Rd4 Rc8 33. Bb4 Rb8 34. Ba5 h6 35. Bxb6 Rxb6 36. Rxc4 Rxb2 37. Ra4 g5 38. hxg5 hxg5 39. Ne6 Rb6 40. Nc5+ Kd6 41. Ne4+ Ke5 42. Nc3 Bg6 43. f4+ gxf4 44. gxf4+ Kd6 45. Kf2 Bc2 46. Ra5 Kc7 47. Ke3 Rh6 48. Rc5+ Kd7 49. Kd4 Rh4 50. Ke5 Rh5+ 51. Kd4 Rh4 52. Ne4 Bb1 53. Ke5 Rh2 54. Nf6+ Kd8 55. a4 Bd3 56. Rc3 Bc2 57. a5 Ba4 58. Rg3 Ke7 59. Rg7+ Kf8 60. Ra7 Bb5 61. Nh7+ Ke8 62. Ng5 Rd2 63. Ne6 Bc4 64. Kf6 

1-0

[Event "1nd Ubeda op"]
[Site "?"]
[Date "1996.??.??"]
[Round "?"]
[White "San Segundo Carrillo, Pablo"]
[Black "Prasad, Devaki V"]
[WhiteElo "2535"]
[BlackElo "2445"]
[Result "1-0"]

1. d4 Nf6 2. c4 e6 3. Nf3 b6 4. g3 Ba6 5. b3 Bb4+ 6. Bd2 Be7 7. Bg2 d5 8. Ne5 c6 9. Bc3 Nfd7 10. Nxd7 Nxd7 11. Nd2 Rc8 12. O-O b5 13. c5 e5 14. dxe5 Nxc5 15. Rc1 Ne6 16. Bb2 O-O 17. Kh1 b4 18. f4 f5 19. exf6 Bxf6 20. Bxf6 Qxf6 21. Re1 Qd4 22. Nf3 Qe3 23. Ne5 Nc5 24. Nxc6 

1-0

[Event "EU-ch Rapid"]
[Site "?"]
[Date "1997.??.??"]
[Round "?"]
[White "San Segundo Carrillo, Pablo"]
[Black "Van Den Doel, Erik"]
[WhiteElo "2495"]
[BlackElo "2440"]
[Result "1-0"]

1. Nf3 Nf6 2. c4 g6 3. Nc3 Bg7 4. e4 d6 5. d4 O-O 6. h3 e5 7. d5 a5 8. Be3 Na6 9. g4 Nc5 10. Nd2 Ne8 11. h4 f5 12. gxf5 gxf5 13. Bxc5 dxc5 14. Qe2 Ra6 15. O-O-O Rh6 16. h5 Qg5 17. Kb1 Nf6 18. Bh3 Qxh5 19. f3 Kh8 20. a3 fxe4 21. Bxc8 Qxh1 22. Rxh1 Rxh1+ 23. Ka2 Rxc8 24. Ndxe4 Nh5 25. Qg2 Rh4 26. Qg5 Rh2 27. Qg1 Rh4 28. Qxc5 Nf4 29. d6 Rh2 30. d7 Rf8 31. Qe7 

1-0

[Event "5th Ubeda Open"]
[Site "?"]
[Date "2000.01.23"]
[Round "?"]
[White "San Segundo Carrillo, Pablo"]
[Black "Wohl, Aleksandar H"]
[WhiteElo "2497"]
[BlackElo "2438"]
[Result "1-0"]

1. d4 g6 2. c4 Bg7 3. e4 d6 4. Nc3 c6 5. Nf3 Na6 6. Be2 Nc7 7. O-O Nh6 8. d5 O-O 9. Bf4 f6 10. c5 Nf7 11. Bc4 cxd5 12. cxd6 e5 13. dxc7 Qxc7 14. Bxd5 exf4 15. Nb5 Qe7 16. Rc1 Kh8 17. Rc7 Qe8 18. a4 Ne5 19. Bxb7 Bxb7 20. Rxb7 Rd8 21. Qe2 a6 22. Nc3 f5 23. exf5 Qc6 24. Qe4 Nxf3+ 25. gxf3 Qxe4 26. Nxe4 gxf5 27. Nc5 Rf6 28. Re1 Rg6+ 29. Kf1 Rg8 30. Re6 Bd4 31. Rxg6 hxg6 32. Nxa6 Be5 33. Rb5 Re8 34. a5 Kg7 35. b4 Bc3 36. Nc7 Re1+ 37. Kg2 Re2 38. Rb6 Kh6 39. Ne6 Ra2 40. a6 Be1 41. Rb8 Rxf2+ 42. Kg1 

1-0

[Event "Spanish Championship CECLUB Division Honor"]
[Site "?"]
[Date "2011.11.24"]
[Round "?"]
[White "San Segundo Carrillo, Pablo"]
[Black "Fernandez Garcia, Jose Luis"]
[WhiteElo "2509"]
[BlackElo "2434"]
[Result "1-0"]

1. d4 Nf6 2. c4 g6 3. Nc3 d5 4. cxd5 Nxd5 5. Bd2 Bg7 6. e4 Nxc3 7. Bxc3 O-O 8. Bc4 c5 9. d5 Bxc3+ 10. bxc3 Nd7 11. Nf3 Qc7 12. O-O Rb8 13. a4 a6 14. a5 b5 15. axb6 Rxb6 16. Qd3 e6 17. Rfd1 exd5 18. exd5 Nf6 19. d6 Qd8 20. Ng5 Bf5 21. Bxf7+ Rxf7 22. Qc4 Qd7 23. Nxf7 Qxf7 24. Qxc5 Rb5 25. Qc6 Bd7 26. Qxa6 Ng4 27. Qa2 Qxa2 28. Rxa2 Nf6 29. Ra7 Rc5 30. Rc7 Rc6 31. g4 Bxg4 32. Rxc6 Bxd1 33. Rc7 Bg4 34. c4 Kf8 35. c5 Ne4 36. f3 

1-0

[Event "Spanish Championship"]
[Site "?"]
[Date "2000.08.08"]
[Round "?"]
[White "San Segundo Carrillo, Pablo"]
[Black "Glavina, Pablo"]
[WhiteElo "2500"]
[BlackElo "2434"]
[Result "1-0"]

1. d4 d6 2. c4 e5 3. Nf3 Bg4 4. Nc3 Nd7 5. g3 Bxf3 6. exf3 g6 7. Bg2 Bg7 8. O-O Ne7 9. dxe5 Nxe5 10. f4 N5c6 11. Qd2 a5 12. b3 a4 13. b4 Nxb4 14. Rb1 Nbc6 15. Rxb7 O-O 16. Nb5 Rc8 17. Na7 Nxa7 18. Rxa7 Rb8 19. Rxa4 Nf5 20. Rb4 c5 21. Rxb8 Qxb8 22. Bd5 Qa7 23. g4 Nd4 24. Re1 Qd7 25. h3 h5 26. Qd1 hxg4 27. Qxg4 Qd8 28. Qxg6 Nf3+ 29. Kf1 Qh4 30. Re3 Qxh3+ 31. Qg2 Qxg2+ 32. Kxg2 Nh4+ 33. Kh3 Nf5 34. Rb3 Bd4 35. Rb7 Bxf2 36. Kg4 Nd4 37. f5 Kg7 38. Bg5 Nc2 39. f6+ Kg8 40. Kf3 Bg1 41. Bh6 Nd4+ 42. Kg2 

1-0

[Event "Buenos Aires Najdorf"]
[Site "?"]
[Date "1995.??.??"]
[Round "?"]
[White "San Segundo Carrillo, Pablo"]
[Black "Szmetan, Jorge"]
[WhiteElo "2520"]
[BlackElo "2430"]
[Result "1-0"]

1. d4 d6 2. e4 Nf6 3. Nc3 g6 4. Nf3 Bg7 5. h3 O-O 6. Be3 d5 7. e5 Ne4 8. Nxe4 dxe4 9. Ng5 c5 10. c3 cxd4 11. cxd4 Qa5+ 12. Qd2 Qxd2+ 13. Bxd2 Nc6 14. Bc3 Bf5 15. g4 h6 16. gxf5 gxf5 17. Nxe4 fxe4 18. Rg1 Kh8 19. d5 Nd8 20. Bg2 f5 21. exf6 Bxf6 22. Rc1 Nf7 23. Bxe4 Nd6 24. f3 Bxc3+ 25. Rxc3 Rac8 26. Rg6 Rf6 27. Rxc8+ Nxc8 28. Rg2 Nd6 29. Ke2 Rf8 30. Rg6 Rf6 31. Rg1 Rf8 32. Rg6 Rf6 33. Rg2 Rf8 34. h4 Rg8 35. Bg6 Kg7 36. h5 Kf6 37. Kd3 Nf7 38. f4 Nh8 39. Ke4 Rg7 40. f5 Nf7 41. Rc2 Nd6+ 42. Kf4 Rg8 43. Re2 Nc8 44. d6 

1-0

[Event "Benasque op"]
[Site "?"]
[Date "1993.??.??"]
[Round "?"]
[White "Moskalenko, Viktor"]
[Black "San Segundo Carrillo, Pablo"]
[WhiteElo "2555"]
[BlackElo "2440"]
[Result "0-1"]

1. c4 e6 2. Nf3 d5 3. b3 Nf6 4. g3 Be7 5. Bg2 O-O 6. O-O a5 7. Nc3 Re8 8. Bb2 Nc6 9. d4 b6 10. Rc1 Bb7 11. Ne5 Nb4 12. a3 Na6 13. cxd5 exd5 14. e3 c5 15. dxc5 bxc5 16. Nd3 Rb8 17. Na4 d4 18. Bxb7 Rxb7 19. exd4 cxd4 20. Ne5 Qd5 21. Nc4 Nc5 22. Nxc5 Bxc5 23. Nxa5 Rbe7 24. b4 Bb6 25. Nc6 Re4 26. Qd3 Ng4 27. b5 Qh5 28. h4 Ne3 29. fxe3 Rxe3 30. Rf5 Qg4 31. Rg5 Qxg5 32. hxg5 Rxd3 33. Ne7+ Kf8 34. Nd5 Rxg3+ 35. Kf2 Rb3 36. Ba1 Rxb5 

0-1

[Event "38th Olympiad"]
[Site "?"]
[Date "2008.11.23"]
[Round "?"]
[White "Iotov, Valentin"]
[Black "San Segundo Carrillo, Pablo"]
[WhiteElo "2532"]
[BlackElo "2564"]
[Result "0-1"]

1. d4 d5 2. Nf3 Nf6 3. c4 c6 4. e3 Bg4 5. h3 Bxf3 6. Qxf3 e6 7. Nc3 Nbd7 8. Bd3 Bb4 9. Bd2 O-O 10. a3 Ba5 11. cxd5 exd5 12. b4 Bc7 13. O-O Re8 14. Rfc1 Nf8 15. b5 Ne6 16. bxc6 bxc6 17. h4 c5 18. dxc5 d4 19. Ne4 dxe3 20. Nxf6+ gxf6 21. Qxe3 Ng5 22. Bxh7+ Kxh7 23. Qb3 Rb8 24. Bb4 Ne6 25. Rd1 Qc8 26. Rac1 Kg7 27. c6 a5 28. Rd7 axb4 29. Qf3 Rb5 30. Qg4+ Kf8 31. a4 Re5 32. Qxb4+ Kg8 33. Qg4+ Ng7 34. g3 Re1+ 35. Rxe1 Rxe1+ 36. Kh2 Bxg3+ 

0-1

[Event "9th Elgoibar"]
[Site "?"]
[Date "1999.??.??"]
[Round "?"]
[White "Georgiev, Vladimir"]
[Black "San Segundo Carrillo, Pablo"]
[WhiteElo "2519"]
[BlackElo "2510"]
[Result "0-1"]

1. d4 Nf6 2. c4 e6 3. Nc3 Bb4 4. e3 c5 5. Bd3 Nc6 6. Ne2 cxd4 7. exd4 d5 8. cxd5 Nxd5 9. O-O O-O 10. Nxd5 Qxd5 11. a3 Be7 12. Be3 Bf6 13. Qc2 g6 14. Be4 Qd7 15. Rfd1 Ne7 16. Nc3 Nd5 17. Bxd5 exd5 18. Qb3 Rd8 19. Bf4 b6 20. Be5 Bxe5 21. dxe5 Qf5 22. Re1 Be6 23. Nb5 Qg5 24. Nd6 Rd7 25. Rac1 Rf8 26. Rc2 f6 27. Qc3 d4 28. Qxd4 fxe5 29. Qb4 a5 30. Ne4 Qxg2+ 31. Kxg2 axb4 32. axb4 Rd4 33. b5 Rb4 34. f3 Bd5 35. Rf2 Bxe4 36. Rxe4 Rxb5 37. Rfe2 Rf5 38. Kg3 Kg7 39. b4 Rd5 40. R2e3 Rg5+ 41. Kf2 Kf6 42. h4 Rd2+ 43. Re2 Rxe2+ 44. Kxe2 Rg2+ 45. Ke3 Kf5 46. Rc4 Rb2 47. Re4 b5 48. Rg4 h5 49. Re4 Rb3+ 50. Kf2 Rd3 51. Ke2 Rd4 52. Rxd4 exd4 53. Kd3 g5 

0-1

[Event "Spanish Championship Gp B"]
[Site "?"]
[Date "2001.11.19"]
[Round "?"]
[White "Arizmendi Martinez, J"]
[Black "San Segundo Carrillo, Pablo"]
[WhiteElo "2503"]
[BlackElo "2528"]
[Result "0-1"]

1. e4 c5 2. Nf3 Nc6 3. Bb5 e6 4. O-O Nge7 5. c3 a6 6. Ba4 b5 7. Bc2 Bb7 8. Qe2 d5 9. e5 Qb6 10. Rd1 d4 11. cxd4 Nxd4 12. Nxd4 cxd4 13. Be4 d3 14. Bxd3 Nc6 15. Be4 Rd8 16. d3 Nd4 17. Qe3 Bc5 18. b4 Bxb4 19. Ba3 Bxa3 20. Nxa3 Qc7 21. Rac1 Qd7 22. Nc2 Bxe4 23. Qxd4 Qxd4 24. Nxd4 Rxd4 25. dxe4 Rxd1+ 26. Rxd1 Ke7 27. g3 Rd8 28. Rc1 Rd4 29. Rc7+ Ke8 30. Ra7 Ra4 31. Ra8+ Ke7 32. Ra7+ Kd8 33. Rxf7 Rxa2 34. Rxg7 b4 35. Rb7 a5 36. f4 Re2 37. f5 exf5 38. exf5 Rxe5 39. f6 Rf5 40. f7 Kc8 41. Rb5 Rxf7 42. Rxa5 b3 43. Ra1 Kc7 44. Kg2 Kc6 45. Rb1 Rb7 46. Kf3 Kd5 47. Kg4 Ke4 48. Kh5 b2 49. Kh6 Kf3 50. h4 Kg4 51. h5 Rb6+ 

0-1